MARC details
| 000 -CABECERA |
| campo de control de longitud fija |
01102nam a2200193 a 4500 |
| 001 - NÚMERO DE CONTROL |
| campo de control |
000045197 |
| 005 - FECHA Y HORA DE LA ÚLTIMA TRANSACCIÓN |
| campo de control |
20201002045946.0 |
| 008 - DATOS DE LONGITUD FIJA--INFORMACIÓN GENERAL |
| campo de control de longitud fija |
150210s2006 dr a 000 0 spa d |
| 040 ## - FUENTE DE LA CATALOGACIÓN |
| Centro catalogador/agencia de origen |
DO-SdBNP |
| Lengua de catalogación |
spa |
| Centro/agencia transcriptor |
BNPHU |
| 082 ## - NÚMERO DE LA CLASIFICACIÓN DECIMAL DEWEY |
| Número de clasificación |
xxxx |
| Número de documento/Ítem |
xxxx |
| 100 1# - ENTRADA PRINCIPAL--NOMBRE DE PERSONA |
| Nombre de persona |
Ortiz, Marina |
| 9 (RLIN) |
10383 |
| 245 13 - MENCIÓN DE TÍTULO |
| Título |
La pequeña empresa : |
| Resto del título |
diagnóstico, retos y recomendaciones de políticas / |
| Mención de responsabilidad, etc. |
Marina Ortiz, Rita Mena ; prólogo Onofre Rojas. |
| 260 ## - PUBLICACIÓN, DISTRIBUCIÓN, ETC. |
| Lugar de publicación, distribución, etc. |
Santo Domingo : |
| Nombre del editor, distribuidor, etc. |
Oficina del Ordenador Nacional para los Fondos Europeos de Desarrollo, |
| Fecha de publicación, distribución, etc. |
2006. |
| 300 ## - DESCRIPCIÓN FÍSICA |
| Extensión |
78 p : |
| Otras características físicas |
il. ; |
| Dimensiones |
27 cm. |
| 505 0# - NOTA DE CONTENIDO CON FORMATO |
| Nota de contenido con formato |
Prólogo -- |
| Título |
Introducción -- |
| -- |
Análisis de la situación económica -- |
| -- |
Diagnóstico de la pequeña empresa -- |
| -- |
El tratado de libre comercio y la pequeña empresa -- |
| -- |
Seguridad social y pequeñas empresas -- |
| -- |
Lineamientos de políticas públicas para la pequeña empresa dominicana -- |
| -- |
Lista de gráficos -- |
| -- |
Lista de tablas -- |
| 700 12 - PUNTO DE ACCESO ADICIONAL--NOMBRE DE PERSONA |
| Nombre de persona |
Mena, Rita |
| 9 (RLIN) |
65722 |
| 700 12 - PUNTO DE ACCESO ADICIONAL--NOMBRE DE PERSONA |
| Nombre de persona |
Rojas, Onofre, |
| Término indicativo de función/relación |
pról. |
| 9 (RLIN) |
31119 |
| 710 22 - PUNTO DE ACCESO ADICIONAL--NOMBRE DE ENTIDAD CORPORATIVA |
| Nombre de entidad corporativa o nombre de jurisdicción como elemento de entrada |
Oficina del Ordenador Nacional para los Fondos Europeos de Desarrollo (ONFED), República Dominicana. |
| 9 (RLIN) |
73211 |